Diseño de un circuito electrónico para el manejo eficiente de energía en las cocinas eléctricas
Guardat en:
| Autor principal: | |
|---|---|
| Format: | Llibre |
| Publicat: |
[San José , Costa Rica]
1996
|
| Matèries: | |
| Etiquetes: |
Afegir etiqueta
Sense etiquetes, Sigues el primer a etiquetar aquest registre!
|
MARC
| LEADER | 00000nam a2200000Ia 4500 | ||
|---|---|---|---|
| 003 | 007904 | ||
| 005 | 20221231144247.0 | ||
| 008 | 140114s1996 cr a m 000 ||s d | ||
| 040 | |c cru CEDI | ||
| 090 | |a TFG 3446 | ||
| 100 | |a Jiménez Valverde, Marco Virgilio |9 4082 | ||
| 245 | |a Diseño de un circuito electrónico para el manejo eficiente de energía en las cocinas eléctricas | ||
| 260 | |c 1996 |a [San José , Costa Rica] | ||
| 300 | |a vii, 54 páginas : ilustraciones 1 plegables | ||
| 500 | |a Proyecto de graduación (bachillerato en ingeniería eléctrica)--Universidad de Costa Rica. Facultad de Ingeniería. Escuela de Ingeniería Eléctrica | ||
| 650 | |x DISEÑO DE CIRCUITOS ELECTRONICOS |x ENSERES DOMESTICOS ELECTRICOS - MANTENIMIENTO Y REPARACION |9 10401 | ||
| 942 | |c TFG | ||
| 999 | |c 19237 |d 19237 | ||
